000 00558cam a22002291 4500
001 sa 66004737
003 DLC
005 20260227112244.0
008 830826s1965 xx 000 0 hin
010 _asa 66004737
035 _a(OCoLC)16763624
040 _aDLC
_cOrPS
_dDLC
042 _apremarc
050 0 0 _aBP173.4
_b.S518
100 1 _aSiddiqi, Mazheruddin,
_d1915-
240 0 0 _aWomen in Islam. Urdu.
245 1 0 _aIslām aur ʻaurat.
260 _c[1965]
300 _a210 p.
_c19 cm.
500 _aRomanized.
650 0 _aWomen in Islam.
999 _c69557
_d69557